[Event "BL 1011 (Women)"]
[Site "Germany"]
[Date "2010.11.07"]
[Round "2.5"]
[White "Straub, Natalia"]
[Black "Beltz, Franziska"]
[Result "1-0"]
[WhiteElo "2224"]
[BlackElo "2137"]
[PlyCount "87"]
[EventDate "2010.11.06"]
[EventType "team-tourn"]
[EventRounds "11"]
[EventCountry "GER"]
[SourceTitle "EXT 2012"]
[Source "ChessBase"]
[SourceDate "2011.11.24"]
[SourceVersion "1"]
[SourceVersionDate "2011.11.24"]
[SourceQuality "1"]
[WhiteTeam "Halle Volksbank (W)"]
[BlackTeam "Leipzig Gohlis (W)"]
[WhiteTeamCountry "GER"]
[BlackTeamCountry "GER"]

1. d4 Nf6 2. c4 g6 3. g3 Bg7 4. Bg2 d5 5. cxd5 Nxd5 6. e4 Nb6 7. Ne2 e5 8. d5 0-0 9. 0-0 c6 10. Nbc3 Na6 11. b3 cxd5 12. exd5 f5 13. Ba3 Rf7 14. d6 Be6 15. Nd5 Nxd5 16. Bxd5 Qf6 17. Nc3 Bf8 18. Bxe6 Qxe6 19. Qd5 Qf6 20. Nb5 Rd8 21. Rad1 f4 22. f3 fxg3 23. hxg3 Qf5 24. Kg2 Kh8 25. g4 Qf6 26. Nc3 Rfd7 27. Ne4 Qf4 28. Bc1 Qf7 29. Qxe5+ Bg7 30. Qh2 Rc8 31. Ng5 Qg8 32. Rh1 Bf6 33. Ne4 Bg7 34. Bg5 Rc2+ 35. Rd2 Rxd2+ 36. Bxd2 Bd4 37. Bg5 Qe6 38. Rc1 Rf7 39. Qh1 Nc5 40. Qd1 Nxe4 41. Qxd4+ Nf6 42. Bxf6+ Qxf6 43. Qxf6+ Rxf6 44. d7 1-0

[Event "BL 1011 (Women)"]
[Site "Germany"]
[Date "2010.11.06"]
[Round "1.5"]
[White "Voicu Jagodzinsky, Carmen"]
[Black "Straub, Natalia"]
[Result "1-0"]
[WhiteElo "2313"]
[BlackElo "2224"]
[PlyCount "73"]
[EventDate "2010.11.06"]
[EventType "team-tourn"]
[EventRounds "11"]
[EventCountry "GER"]
[SourceTitle "EXT 2012"]
[Source "ChessBase"]
[SourceDate "2011.11.24"]
[SourceVersion "1"]
[SourceVersionDate "2011.11.24"]
[SourceQuality "1"]
[WhiteTeam "Grosslehna (W)"]
[BlackTeam "Halle Volksbank (W)"]
[WhiteTeamCountry "GER"]
[BlackTeamCountry "GER"]

1. e4 e6 2. d3 c5 3. Nf3 Nc6 4. g3 g6 5. Bg2 Bg7 6. c3 e5 7. 0-0 Nge7 8. Be3 d6 9. Qd2 h6 10. h3 b6 11. d4 Ba6 12. Rd1 Na5 13. Na3 Nc4 14. Nxc4 Bxc4 15. b4 cxb4 16. cxb4 Be6 17. Rac1 g5 18. dxe5 dxe5 19. Qe2 Qb8 20. h4 f6 21. Qb5+ Kf7 22. hxg5 hxg5 23. Bxg5 fxg5 24. Nxg5+ Kf6 25. Nxe6 Kxe6 26. Qd7+ Kf7 27. Rc7 Bf6 28. Rd6 Qf8 29. Bf1 Rd8 30. Bc4+ Kg7 31. Qg4+ Kh6 32. Re6 Rh7 33. f4 Qg7 34. Qh4+ Kg6 35. f5+ Kf7 36. Rexe7+ Kf8 37. Rxg7 1-0